000 00536nam a22001817a 4500
999 _c4572
_d4572
003 GBCCL
005 20241126110521.0
008 180124b xxu||||| |||| 00| 0 eng d
020 _a0849982162
040 _cgbc
082 _a227.1007
_bSWI
100 _aSwindoll, Charles R.
_91487
245 _aRelating to Others in Love:
_bA Study in Romans 12 - 16 /
_cCharles R. Swindoll
260 _bInsight For Living,
_aCalifornia:
_c1985
300 _a84 p.;
_bill.,
_c22 cm.
650 _aBible
_vN.T.
_vRomans
_xStudy
_98432
942 _2ddc
_cBK
_01